000 00728nam a2200193 i 4500
001 166928
003 ES-MaACL
005 20250721062644.0
008 050921s1900 sp |||| | spa d
100 1 _aValle Pascual, Luis del.
_9112817
245 1 3 _aLa sociología y la economía política /
_cpor Luis del Valle y Pascual.
260 _aValladolid :
_bImp. y Lib. de J. Manuel de la Cuesta,
_c1900.
300 _a33 p. ;
_c24 cm.
596 _aEn port.: Publicado en la Revista jurídica enciclopédica.
650 0 4 _aSociología política.
_917215
650 0 7 _aEconomía
_2embne
_912006
852 _aES-MaACL
_jT-1098-F-6
_z- Enc. hol. conservando cub. original
_z- Enc. en un vol. facticio
999 _c166928
_d166928